| 000 | 00667nam a22002057a 4500 | ||
|---|---|---|---|
| 005 | 20251108165243.0 | ||
| 008 | 250721s1989 xx 000 0 ara d | ||
| 082 | 1 | 4 | _a956.402/جرا |
| 100 | 1 | _aجرار، حسني أدهم | |
| 245 | 1 | 0 |
_aالشيخ عز الدين القسام : _bقائد حركة و شهيد قضية - 1935 / |
| 246 | 1 | 1 | _a1882 |
| 264 | 1 |
_aعمان : _bدار الضياء، _c1989. |
|
| 300 | _a312ص | ||
| 490 | 0 | _aأعلام الجهاد في فلسطين : أحداث القضيه . . .؛2 | |
| 650 | 1 | 7 | _aفلسطين |
| 650 | 1 | 7 | _aتاريخ 1917-1948 |
| 650 | 1 | 7 | _aالثوره 1936- 1939 |
| 942 |
_2ddc _cBK |
||
| 999 |
_c23316 _d23316 |
||